000
00316nam a2200121Ia 4500
008
190216s9999||||xx |||||||||||||| ||und||
100
_a
Ruel V Churchil And James W Browm Etc
245
0
_a
Complex Variables And Applications
260
_b
Mcgraw -hill
_c
1974
300
_a
332p
650
_a
Mathematics
942
_c
BK
999
_c
30648
_d
30648